[Event "20th European Teams Women"]
[Site "Reykjavik ISL"]
[Date "2015.11.20"]
[Round "7.11"]
[Board "3"]
[White "Srebrnic, Ana"]
[Black "Batyte, Daiva"]
[Result "1-0"]
[WhiteTitle "WGM"]
[BlackTitle "WFM"]
[WhiteElo "2238"]
[BlackElo "2147"]
[WhiteTeam "Slovenia"]
[BlackTeam "Lithuania"]
[WhiteFideId "14603314"]
[BlackFideId "12801860"]
[EventDate "2015.11.13"]

1. Nf3 Nf6 2. g3 g6 3. Bg2 Bg7 4. O-O O-O 5. c4 c5 6. d4 cxd4 7. Nxd4 Nc6 8. Nc2
d6 9. Nc3 Be6 10. b3 d5 11. cxd5 Nxd5 12. Nxd5 Bxa1 13. Nxa1 Qa5 14. a3 Bxd5 15.
Qxd5 Qc3 16. Be3 Rfd8 17. Qc4 Qb2 18. Bxc6 bxc6 19. Nc2 Qf6 20. Nb4 Rd6 21. Nd3
a5 22. Rc1 Qe6 23. Bf4 Qxc4 24. Rxc4 Rd7 25. Rxc6 f6 26. Be3 Kf7 27. Kg2 h5 28.
h4 Rd5 29. Rc7 Ke8 30. Nf4 Rd7 31. Rc6 Kf7 32. Nd3 Rd5 33. Bc5 Rd7 34. b4 axb4
35. Bxb4 Raa7 36. Bc5 Ra4 37. Bb4 Raa7 38. Nc5 Rd5 39. a4 Rd4 40. Rb6 Rc4 41. a5
Rxb4 42. Rxb4 Rxa5 43. Rc4 Ra2 44. e4 Ra7 45. Nd3 g5 46. hxg5 fxg5 47. Rc5 Kg6
48. Ne5+ Kf6 49. Nf3 g4 50. Nh4 Ra4 51. Rxh5 Rxe4 52. Rf5+ Kg7 53. Rf4 Re5 54.
Rxg4+ Kh7 55. f4 Re2+ 56. Kf3 Ra2 57. Rg5 Ra3+ 58. Kg4 Ra6 59. Re5 e6 60. Nf3
Kg7 61. Ng5 Ra8 62. Nxe6+ Kf6 63. Ng5 Ra4 64. Re6+ Kg7 65. Rb6 Ra7 66. Nf3 Ra4
67. Ne5 Kh7 68. Kg5 Ra7 69. g4 Rg7+ 70. Rg6 Re7 71. Rh6+ Kg7 72. Rd6 Re8 73.
Rd7+ Kg8 74. Kf6 Rf8+ 75. Kg6 Rxf4 76. Rd8+ Rf8 77. Rxf8+ Kxf8 78. Kh7 1-0

[Event "20th European Teams Women"]
[Site "Reykjavik ISL"]
[Date "2015.11.20"]
[Round "7.11"]
[Board "4"]
[White "Zykiene, Rita"]
[Black "Kolaric, Spela"]
[Result "0-1"]
[BlackTitle "WFM"]
[WhiteElo "1913"]
[BlackElo "2102"]
[WhiteTeam "Lithuania"]
[BlackTeam "Slovenia"]
[WhiteFideId "12801348"]
[BlackFideId "14607093"]
[EventDate "2015.11.13"]

1. d4 Nf6 2. c4 e6 3. a3 d5 4. e3 Be7 5. Nf3 O-O 6. Nc3 b6 7. Bd3 Bb7 8. O-O c5
9. Qe2 Nc6 10. Rd1 cxd4 11. exd4 dxc4 12. Bxc4 Na5 13. Ba2 Nd5 14. Ne4 Rc8 15.
Bd2 Nc6 16. Rac1 Nb8 17. Neg5 Rxc1 18. Bxc1 h6 19. Nxe6 fxe6 20. Qxe6+ Kh8 21.
Ne5 Rf6 22. Nf7+ Rxf7 23. Qxf7 Na6 24. Re1 Nac7 25. Bb1 Qd6 26. Qf5 Nf6 27. Bf4
Qd8 28. Qg6 Ncd5 29. Bxh6 gxh6 30. Qxh6+ Kg8 31. Qg6+ Kf8 32. Qh6+ Ke8 33. Bf5
Qd6 34. Qh8+ Kf7 35. Be6+ Kg6 36. Re5 Nf4 37. Bf5+ Kf7 38. h4 Qxd4 39. Rxe7+
Kxe7 40. Qg7+ Kd6 41. Qxb7 Ne2+ 42. Kh1 Qd1+ 43. Kh2 Qg1+ 0-1

[Event "20th European Teams Women"]
[Site "Reykjavik ISL"]
[Date "2015.11.20"]
[Round "7.12"]
[Board "1"]
[White "Havlikova, Kristyna"]
[Black "Vega Gutierrez, Sabrina"]
[Result "0-1"]
[WhiteTitle "WIM"]
[BlackTitle "IM"]
[WhiteElo "2323"]
[BlackElo "2392"]
[WhiteTeam "Czech Republic"]
[BlackTeam "Spain"]
[WhiteFideId "309672"]
[BlackFideId "2219026"]
[EventDate "2015.11.13"]

1. e4 c5 2. Nf3 e6 3. d4 cxd4 4. Nxd4 Nc6 5. Nc3 Nf6 6. Ndb5 d6 7. Bf4 e5 8. Bg5
a6 9. Na3 b5 10. Nd5 Be7 11. Bxf6 Bxf6 12. c3 Ne7 13. Nxf6+ gxf6 14. Bd3 d5 15.
Qe2 Bb7 16. O-O-O Qb6 17. f4 Rd8 18. fxe5 fxe5 19. exd5 Rxd5 20. Nc2 Rg8 21. Be4
Rxd1+ 22. Rxd1 Bxe4 23. Qxe4 Qe6 24. Qxh7 Rxg2 25. Ne3 Rg6 26. Qh8+ Rg8 27. Qh5
Rg6 28. Qh8+ Rg8 29. Qh5 Rg6 30. Qf3 f5 31. Qa8+ Kf7 32. Qb7 Qc6 33. Qa7 Ke6 34.
h4 f4 35. Nc2 Kf7 36. h5 Rd6 37. Re1 Qg2 38. Kb1 Rd2 39. Rg1 Qe4 40. Rg7+ Kxg7
41. Qxe7+ Kh6 0-1

[Event "20th European Teams Women"]
[Site "Reykjavik ISL"]
[Date "2015.11.20"]
[Round "7.12"]
[Board "2"]
[White "Matnadze, Ana"]
[Black "Olsarova, Karolina"]
[Result "0-1"]
[WhiteTitle "IM"]
[BlackTitle "WIM"]
[WhiteElo "2353"]
[BlackElo "2224"]
[WhiteTeam "Spain"]
[BlackTeam "Czech Republic"]
[WhiteFideId "13601377"]
[BlackFideId "320242"]
[EventDate "2015.11.13"]

1. d4 d5 2. Nf3 Nf6 3. c4 c6 4. Qc2 dxc4 5. Qxc4 Bf5 6. g3 e6 7. Bg2 Be7 8. O-O
O-O 9. e3 Nbd7 10. Qe2 Qc7 11. Nc3 Ne4 12. Ne1 Nxc3 13. bxc3 e5 14. e4 Be6 15.
Nc2 f6 16. Ne3 Nb6 17. a4 a5 18. Nf5 Rfd8 19. Re1 Bf8 20. dxe5 fxe5 21. h4 Qf7
22. Bh3 Kh8 23. Kg2 Nc4 24. h5 Rd7 25. Rh1 Bc5 26. g4 Rad8 27. g5 Rd2 28. Bxd2
Rxd2 29. Qf3 Bxf2 30. Rad1 Bb6+ 31. Rxd2 Nxd2 32. Qg4 Nxe4 33. g6 Qd7 34. Rd1
Bd5 35. Ne3 Qxg4+ 36. Nxg4 Nxc3+ 37. Rxd5 Nxd5 38. Kf3 hxg6 39. hxg6 Nf4 40. Bf1
Nxg6 41. Bd3 Nf4 42. Bf5 Bd4 43. Bc2 Nd5 44. Ke4 g6 45. Bb3 Nc3+ 46. Kd3 Kg7 47.
Nh2 b5 48. axb5 cxb5 49. Nf3 a4 50. Be6 Kf6 51. Bg8 e4+ 52. Kxd4 exf3 0-1

[Event "20th European Teams Women"]
[Site "Reykjavik ISL"]
[Date "2015.11.20"]
[Round "7.12"]
[Board "3"]
[White "Olsarova, Tereza"]
[Black "Hernandez Estevez, Yudania"]
[Result "0-1"]
[WhiteTitle "WGM"]
[BlackTitle "WIM"]
[WhiteElo "2307"]
[BlackElo "2207"]
[WhiteTeam "Czech Republic"]
[BlackTeam "Spain"]
[WhiteFideId "325449"]
[BlackFideId "2219344"]
[EventDate "2015.11.13"]

1. e4 c6 2. d4 d5 3. Nd2 dxe4 4. Nxe4 Bf5 5. Ng3 Bg6 6. h4 h6 7. Nf3 Nd7 8. h5
Bh7 9. Bd3 Bxd3 10. Qxd3 e6 11. Bd2 Ngf6 12. O-O-O Be7 13. Kb1 Qb6 14. Rhe1 O-O
15. Nf5 exf5 16. Rxe7 Qd8 17. Re2 Ne4 18. Bc1 Qf6 19. g4 fxg4 20. Ne5 Nec5 21.
Nxg4 Nxd3 22. Nxf6+ Nxf6 23. Rxd3 Rfe8 24. Re5 Rad8 25. Ra5 a6 26. c3 Rd5 27.
Rxd5 cxd5 28. Rf3 Re1 29. Kc2 Kh7 30. Rf5 Rh1 31. Re5 Rxh5 32. Re7 Rh2 33. Rxb7
Rxf2+ 34. Kd3 Kg6 35. Be3 Rg2 36. Bf4 h5 37. c4 dxc4+ 38. Kxc4 h4 39. Rb3 Rc2+
40. Rc3 Rxc3+ 41. bxc3 Kf5 42. Bc7 Ke4 0-1

[Event "20th European Teams Women"]
[Site "Reykjavik ISL"]
[Date "2015.11.20"]
[Round "7.12"]
[Board "4"]
[White "Calzetta Ruiz, Monica"]
[Black "Sikorova, Olga"]
[Result "1-0"]
[WhiteTitle "WGM"]
[BlackTitle "WGM"]
[WhiteElo "2252"]
[BlackElo "2230"]
[WhiteTeam "Spain"]
[BlackTeam "Czech Republic"]
[WhiteFideId "2204185"]
[BlackFideId "307033"]
[EventDate "2015.11.13"]

1. e4 e6 2. d4 d5 3. Bd3 dxe4 4. Bxe4 Nf6 5. Bf3 c5 6. Ne2 Nc6 7. Be3 cxd4 8.
Nxd4 Nxd4 9. Bxd4 Qc7 10. Nc3 Bd7 11. Qe2 a6 12. O-O-O Be7 13. Be5 Qb6 14. g4
O-O-O 15. Rd4 Bc6 16. Rc4 Bd6 17. Bxc6 bxc6 18. g5 Nd5 19. Nxd5 exd5 20. Rc3
Rhe8 21. Qg4+ Re6 22. Bxg7 Kd7 23. Qf5 Re8 24. Rd1 Bc5 25. Rb3 Qa7 26. Bf6 Bxf2
27. Qxh7 Re1 28. Rxe1 Rxe1+ 29. Kd2 Kd6 30. Qf5 Re4 31. Rd3 Be3+ 32. Kd1 Re6 33.
h4 Qb6 34. c4 d4 35. Bxd4 Bxd4 36. Qf4+ Ke7 37. Qxd4 Qc7 38. h5 c5 39. Qh8 Qa5
40. Qc3 Qxa2 41. Re3 Qb1+ 42. Ke2 Qg1 43. Qf6+ Kd6 44. Qf4+ Kc6 45. Qf3+ Kb6 46.
Rxe6+ fxe6 47. Qf6 Qg4+ 48. Ke3 Qg1+ 49. Ke4 Qe1+ 50. Kf4 Qh4+ 51. Ke5 Qxh5 52.
Kxe6 Ka5 53. Kd5 Qd1+ 54. Kxc5 Qg1+ 55. Kd5 Qg2+ 56. Kd6 Qd2+ 57. Kc7 Qh2+ 58.
Kd7 Qh7+ 59. Qe7 Qg6 60. Qc5+ 1-0

[Event "20th European Teams Women"]
[Site "Reykjavik ISL"]
[Date "2015.11.20"]
[Round "7.13"]
[Board "2"]
[White "Horn, Emilia"]
[Black "Rogule, Laura"]
[Result "0-1"]
[WhiteTitle "WFM"]
[BlackTitle "WGM"]
[WhiteElo "1981"]
[BlackElo "2277"]
[WhiteTeam "Sweden"]
[BlackTeam "Latvia"]
[WhiteFideId "1705385"]
[BlackFideId "11601876"]
[EventDate "2015.11.13"]

1. e4 c5 2. Nf3 Nc6 3. Bb5 g6 4. O-O Bg7 5. c3 Nf6 6. Re1 O-O 7. h3 a6 8. Bxc6
dxc6 9. d4 cxd4 10. cxd4 Qc7 11. Nc3 Rd8 12. Qc2 c5 13. d5 b5 14. a4 b4 15. Ne2
b3 16. Qc4 Qb6 17. Be3 Nd7 18. Ra3 Rb8 19. Rb1 a5 20. Qc1 Ba6 21. Qd1 Qb4 22.
Nd2 c4 23. Qc1 Ne5 24. Bd4 Nd3 25. Qc3 Bxd4 26. Nxd4 Nxb2 27. Qxb2 c3 28. Nc6
cxb2 29. Nxb4 Rxb4 30. Rxb2 Rc8 31. Rbxb3 Rc1+ 32. Kh2 Rc2 33. Nf3 Rxe4 34. Re3
Rxe3 35. Rxe3 Kf8 36. Kg3 Rc5 37. d6 exd6 38. Nd2 Rg5+ 39. Kh2 Rf5 40. f3 Rd5
41. Ne4 Kg7 42. Rc3 Bd3 43. Nf2 Bb1 44. Rc1 Ba2 45. Ne4 Bb3 46. Rc6 Bxa4 47. Rb6
Bd7 48. Nxd6 a4 49. Ra6 Rd2 50. Ne4 Rc2 51. Ra7 Bb5 52. Nd6 Bf1 53. Kg3 Rxg2+
54. Kf4 g5+ 55. Ke5 Re2+ 56. Kf5 Bxh3+ 57. Kxg5 h6+ 58. Kf4 Re6 59. Nf5+ Bxf5
60. Kxf5 Re3 61. Rxa4 Rxf3+ 62. Kg4 Rb3 63. Ra6 f6 64. Kf5 Rb5+ 65. Kg4 Kg6 66.
Ra4 Rb6 67. Rc4 Rb1 68. Ra4 f5+ 69. Kf4 Rf1+ 70. Kg3 Kg5 71. Ra8 Rg1+ 72. Kf3
Rb1 73. Rg8+ Kh4 74. Rh8 h5 75. Rh7 Rg1 76. Rh8 Rg4 77. Rf8 Rg1 78. Kf2 Rg5 79.
Kf3 Kh3 80. Kf4 Rg1 81. Rh8 Rf1+ 82. Kg5 f4 83. Rxh5+ Kg3 84. Rh4 f3 85. Rg4+
Kf2 86. Ra4 Rb1 87. Kg4 Kg2 88. Ra3 Rb4+ 89. Kg5 f2 90. Ra2 Kg1 0-1

[Event "20th European Teams Women"]
[Site "Reykjavik ISL"]
[Date "2015.11.20"]
[Round "7.13"]
[Board "3"]
[White "Berzina, Ilze"]
[Black "Fransson, Angelina"]
[Result "1-0"]
[WhiteTitle "WGM"]
[WhiteElo "2207"]
[BlackElo "1980"]
[WhiteTeam "Latvia"]
[BlackTeam "Sweden"]
[WhiteFideId "11601345"]
[BlackFideId "1712632"]
[EventDate "2015.11.13"]

1. d4 Nf6 2. c4 g6 3. Nc3 Bg7 4. e4 d6 5. Nf3 O-O 6. Be2 e5 7. O-O Nc6 8. d5 Ne7
9. b4 a5 10. Ba3 axb4 11. Bxb4 Nd7 12. Ne1 f5 13. f3 Bh6 14. Nd3 Be3+ 15. Kh1
Nc5 16. a4 Na6 17. Ba3 f4 18. Nb5 Rf6 19. c5 h5 20. cxd6 cxd6 21. Qb3 Kg7 22.
Qc3 Ng8 23. Nxe5 dxe5 24. Qxe5 Bc5 25. Bb2 Kh6 26. Bc4 Bd7 27. Qc3 Bb4 28. Qb3
Rf8 29. e5 Bf5 30. d6 Rc8 31. Rfd1 g5 32. e6 g4 33. e7 Nxe7 34. dxe7 Qxe7 35.
Nd4 Bd7 36. Bb5 Rfd8 37. Bxd7 Qxd7 38. Ne6 Qe7 39. Nxd8 Rxd8 40. Rxd8 Qxd8 41.
Qe6+ Kg5 42. Qe5+ Kg6 43. fxg4 hxg4 44. Qxf4 Qh4 45. Rf1 1-0

[Event "20th European Teams Women"]
[Site "Reykjavik ISL"]
[Date "2015.11.20"]
[Round "7.13"]
[Board "4"]
[White "Blazekovic, Nina"]
[Black "Skinke, Katrina"]
[Result "0-1"]
[BlackTitle "WIM"]
[WhiteElo "1932"]
[BlackElo "2222"]
[WhiteTeam "Sweden"]
[BlackTeam "Latvia"]
[WhiteFideId "1715984"]
[BlackFideId "11602260"]
[EventDate "2015.11.13"]

1. e4 g6 2. d4 Bg7 3. Nf3 d6 4. Bc4 e6 5. O-O Ne7 6. Qe2 Nd7 7. c3 c6 8. a4 d5
9. Bd3 dxe4 10. Bxe4 O-O 11. Bc2 Nd5 12. Na3 b6 13. Bd2 a5 14. Bd3 Bb7 15. Nc2
Qc7 16. g3 c5 17. Bb5 cxd4 18. Ncxd4 e5 19. Nc2 Nc5 20. Rfe1 e4 21. Nfd4 Rad8
22. Rad1 Qc8 23. Ne3 Nxe3 24. Bxe3 Rd5 25. Qf1 Rfd8 26. Bc4 Rh5 27. Be2 Re5 28.
Bf4 Re7 29. Nb5 Ba6 30. Rxd8+ Qxd8 31. Rd1 Rd7 32. Bc7 Qf6 33. Rxd7 Nxd7 34. Qd1
Qc6 35. Bf4 Bf8 36. Qd2 Bb7 37. Be3 Nc5 38. Bd1 Nd3 39. Nd4 Qd7 40. Ne2 Qc6 41.
Nd4 Qd6 42. Nb5 Qd5 43. Nc7 Qc6 44. Nb5 Bc5 45. Nd4 Qd7 46. Ne2 Qd5 47. Nd4 Ne5
48. Qe2 Bxd4 49. cxd4 Nf3+ 50. Kg2 Qh5 51. h4 Qg4 52. Qb5 Bc8 53. Bxf3 exf3+ 54.
Kf1 Qe4 55. Ke1 Bf5 56. Qc4 Qb1+ 57. Bc1 Qe4+ 58. Be3 h5 59. Kd2 Qb1 60. Qc3 Qe4
61. Ke1 Be6 62. Qc7 Qb1+ 63. Bc1 Qd3 64. Qb8+ Kh7 65. Qe5 Bb3 0-1

[Event "20th European Teams Women"]
[Site "Reykjavik ISL"]
[Date "2015.11.20"]
[Round "7.14"]
[Board "3"]
[White "Barbier, Wiebke"]
[Black "Stolberg-Rohr, Thomine"]
[Result "1/2-1/2"]
[BlackTitle "WFM"]
[WhiteElo "1980"]
[BlackElo "1985"]
[WhiteTeam "Belgium"]
[BlackTeam "Denmark"]
[WhiteFideId "207977"]
[BlackFideId "1504258"]
[EventDate "2015.11.13"]

1. e4 e5 2. Nf3 Nc6 3. d3 Nf6 4. Be2 d5 5. Nbd2 Bc5 6. O-O O-O 7. c3 a5 8. b3
Qe7 9. Bb2 Ba7 10. a3 Rd8 11. Qc2 Bg4 12. Rfe1 Qc5 13. Rf1 h6 14. exd5 Nxd5 15.
Ne4 Qe7 16. Bc1 f5 17. Ng3 Nf4 18. Kh1 Qf6 19. b4 axb4 20. axb4 Bb6 21. Rxa8
Rxa8 22. b5 Nd8 23. c4 Nde6 24. Be3 Nxe2 25. Qxe2 Nd4 26. Bxd4 Bxd4 27. h3 Bxf3
28. Qxf3 Ra2 29. Nxf5 Bb6 30. g4 Rd2 31. Kg2 Qd8 32. Qe4 Qxd3 33. Qxe5 Qd7 34.
c5 Ba5 35. c6 bxc6 36. bxc6 Qxc6+ 37. Kg1 Qc3 38. Nxh6+ gxh6 39. Qe6+ Kg7 40.
Qe7+ Kg6 41. Qe8+ Kg7 42. Qe7+ Kg8 43. Qe8+ Kg7 44. Re1 Bb4 45. Re6 Rd1+ 46. Kg2
Qd3 47. Re7+ 1/2-1/2

[Event "20th European Teams Women"]
[Site "Reykjavik ISL"]
[Date "2015.11.20"]
[Round "7.14"]
[Board "4"]
[White "Vangsgaard, Freja"]
[Black "Barbier, Astrid"]
[Result "1-0"]
[WhiteElo "1980"]
[BlackElo "1819"]
[WhiteTeam "Denmark"]
[BlackTeam "Belgium"]
[WhiteFideId "1436589"]
[BlackFideId "200395"]
[EventDate "2015.11.13"]

1. d4 Nf6 2. c4 e6 3. Nc3 Bb4 4. Qc2 Nc6 5. Nf3 d6 6. Bd2 O-O 7. a3 Bxc3 8. Bxc3
Re8 9. O-O-O d5 10. e3 b6 11. Bd3 Ba6 12. Qa4 Nb8 13. Ne5 dxc4 14. Bxc4 Bxc4 15.
Qxc4 Nd5 16. Bd2 Qd6 17. e4 Nf6 18. f3 c5 19. Bc3 Nbd7 20. Nxd7 Nxd7 21. dxc5
Qxc5 22. Qxc5 Nxc5 23. Rd6 Rac8 24. Kb1 f6 25. Rhd1 Kf7 26. Bb4 Re7 27. Rd8 Rxd8
28. Rxd8 Rc7 29. Bxc5 bxc5 30. Rd6 e5 31. Kc2 Kg6 32. Kc3 Kg5 33. g3 h5 34. h4+
Kg6 35. Kc4 Kf7 36. Rd5 Ke6 37. Rxc5 Rd7 38. Rd5 Rc7+ 39. Rc5 Rd7 40. Rc6+ Ke7
41. Ra6 g5 42. hxg5 fxg5 43. Rh6 Rd4+ 44. Kc3 g4 45. Rxh5 Kd6 46. f4 Rxe4 47.
Rxe5 Rxe5 48. fxe5+ Kxe5 49. Kd3 Kd5 50. b3 a6 51. b4 Ke5 52. a4 Kd5 53. b5 a5
54. Ke3 Ke5 55. b6 Kd6 56. Kf4 Kc6 57. Kxg4 Kxb6 58. Kf4 Kc5 59. g4 Kb4 60. g5
Kxa4 61. g6 Kb3 62. g7 a4 63. g8=Q+ Kb2 64. Qg2+ Kb3 65. Qd2 a3 66. Qc1 Ka2 67.
Qc3 1-0

[Event "20th European Teams Women"]
[Site "Reykjavik ISL"]
[Date "2015.11.20"]
[Round "7.15"]
[Board "1"]
[White "Tuominen, Tanja"]
[Black "Sahl, Sheila Barth"]
[Result "1/2-1/2"]
[WhiteTitle "WIM"]
[BlackTitle "WIM"]
[WhiteElo "2109"]
[BlackElo "2190"]
[WhiteTeam "Finland"]
[BlackTeam "Norway"]
[WhiteFideId "502340"]
[BlackFideId "1500953"]
[EventDate "2015.11.13"]

1. d4 d5 2. Nf3 Nf6 3. Bf4 e6 4. e3 c5 5. c4 Nc6 6. Nc3 a6 7. Ne5 cxd4 8. Nxc6
bxc6 9. exd4 dxc4 10. Bxc4 Be7 11. O-O O-O 12. Rc1 c5 13. d5 exd5 14. Nxd5 Nxd5
15. Bxd5 Ra7 16. Qf3 Qb6 17. Be5 Be6 18. Rfd1 Bxd5 19. Rxd5 Qe6 20. Bc3 Rd7 21.
Re5 Qd6 22. Rce1 Bf6 23. Rh5 Bxc3 24. Qxc3 Rc7 25. Rc1 Rfc8 26. Rh4 h6 27. Rg4
f6 28. Qc4+ Kh8 29. Re4 Rd8 30. Rce1 Kh7 31. h4 Qd3 32. Qe6 Qd5 33. Qxa6 Ra8 34.
Qc4 Qxc4 35. Rxc4 Rxa2 36. b4 Ra4 37. Rec1 Kg6 38. Rxc5 Rb7 39. h5+ Kh7 40. Rb1
Raxb4 41. Rxb4 Rxb4 42. f3 Rb7 1/2-1/2

[Event "20th European Teams Women"]
[Site "Reykjavik ISL"]
[Date "2015.11.20"]
[Round "7.15"]
[Board "2"]
[White "Dolzhikova, Olga"]
[Black "Puuska, Heini"]
[Result "1-0"]
[WhiteTitle "WGM"]
[BlackTitle "WFM"]
[WhiteElo "2145"]
[BlackElo "1967"]
[WhiteTeam "Norway"]
[BlackTeam "Finland"]
[WhiteFideId "14105870"]
[BlackFideId "502324"]
[EventDate "2015.11.13"]

1. e4 e6 2. d4 d5 3. e5 c5 4. c3 Nc6 5. Nf3 Nge7 6. a3 cxd4 7. cxd4 Nf5 8. b4
Bd7 9. Bb2 b5 10. Bd3 a5 11. bxa5 Nxa5 12. O-O Nc4 13. Bc1 Qb6 14. Bxf5 exf5 15.
Nc3 Qc6 16. Rb1 Rb8 17. a4 b4 18. Nb5 Be7 19. Bg5 Bxg5 20. Nxg5 Qg6 21. Nf3 Bxb5
22. axb5 O-O 23. Rxb4 Rb6 24. Qd3 Qg4 25. Nd2 Nxe5 26. Qb3 Ng6 27. Qf3 Qg5 28.
Rb2 f4 29. h3 h5 30. g3 Rfb8 31. Rfb1 Rf6 32. Qg2 Qf5 33. Rb3 Qc2 34. R1b2 Qc1+
35. Qf1 Qc7 36. Qe1 Re6 37. Qf1 Qe7 38. Nf3 fxg3 39. fxg3 h4 40. Qg2 hxg3 41.
Qxg3 Rbb6 42. Qg5 Qc7 43. Rg2 Qc4 44. Rbb2 Rf6 45. Rbc2 Rxf3 46. Rxc4 dxc4 47.
Qd8+ 1-0

[Event "20th European Teams Women"]
[Site "Reykjavik ISL"]
[Date "2015.11.20"]
[Round "7.15"]
[Board "3"]
[White "Turunen, Tiina"]
[Black "Machlik, Monika"]
[Result "0-1"]
[WhiteElo "1764"]
[BlackElo "2176"]
[WhiteTeam "Finland"]
[BlackTeam "Norway"]
[WhiteFideId "510947"]
[BlackFideId "1513621"]
[EventDate "2015.11.13"]

1. d4 Nf6 2. c4 e6 3. Nc3 Bb4 4. Qc2 O-O 5. e4 c5 6. d5 exd5 7. exd5 Re8+ 8. Be2
d6 9. h3 Ne4 10. Bd2 Bf5 11. Qc1 Nxd2 12. Qxd2 Nd7 13. Nf3 Nf6 14. Rc1 Ne4 15.
Qd1 Nxc3 16. bxc3 Ba3 17. Rc2 Bxc2 18. Qxc2 Qe7 19. Kd1 Bc1 20. Re1 Bh6 21. Bd3
Qf6 22. Bxh7+ Kh8 23. Bd3 Rxe1+ 24. Kxe1 g6 25. Nd2 Qe5+ 26. Kf1 Re8 27. Nf3 Qf4
28. Kg1 Qc1+ 29. Kh2 Qxc2 30. Bxc2 Re2 31. Bb3 Rxf2 32. Kg3 Re2 33. h4 Re3 34.
Kf2 Rxc3 35. g4 Bf4 36. Ke2 a6 37. Kf2 b5 0-1

[Event "20th European Teams Women"]
[Site "Reykjavik ISL"]
[Date "2015.11.20"]
[Round "7.15"]
[Board "4"]
[White "Reppen, Ellisiv"]
[Black "Kujasalo, Marjatta"]
[Result "1-0"]
[WhiteElo "2058"]
[BlackElo "1605"]
[WhiteTeam "Norway"]
[BlackTeam "Finland"]
[WhiteFideId "1504959"]
[BlackFideId "507466"]
[EventDate "2015.11.13"]

1. e4 g6 2. d4 Bg7 3. Nf3 d6 4. Nc3 Nf6 5. h3 O-O 6. Be3 h6 7. Qd2 Kh7 8. O-O-O
b6 9. Bd3 c5 10. dxc5 bxc5 11. e5 dxe5 12. Bxg6+ fxg6 13. Qxd8 Rxd8 14. Rxd8 Nc6
15. Rd2 e4 16. Nh2 Nd4 17. Re1 Bb7 18. Ng4 Nd7 19. Bxd4 cxd4 20. Nxe4 e5 21. Kb1
Bd5 22. f3 Bxe4 23. Rxe4 h5 24. Nf2 Nc5 25. Re1 Rb8 26. Nd3 Na4 27. Ka1 Re8 28.
Rde2 Nb6 29. Nxe5 Rc8 30. Nd3 Nd5 31. f4 Ne3 32. Kb1 Nd5 33. g4 Ne3 34. Rxe3
dxe3 35. Rxe3 Rc7 36. c3 a5 37. Kc2 a4 38. a3 Bd4 39. Re4 Bf6 40. Rxa4 Re7 41.
Ra6 1-0

[Event "20th European Teams Women"]
[Site "Reykjavik ISL"]
[Date "2015.11.21"]
[Round "8.1"]
[Board "4"]
[White "Goryachkina, Aleksandra"]
[Black "Majdan-Gajewska, Joanna"]
[Result "1-0"]
[WhiteTitle "WGM"]
[BlackTitle "WGM"]
[WhiteElo "2478"]
[BlackElo "2378"]
[WhiteTeam "Russia"]
[BlackTeam "Poland"]
[WhiteFideId "4147103"]
[BlackFideId "1121979"]
[EventDate "2015.11.13"]

1. d4 Nf6 2. c4 e6 3. Nf3 c5 4. d5 d6 5. Nc3 g6 6. e4 Bg7 7. h3 O-O 8. Bd3 exd5
9. exd5 Re8+ 10. Be3 Bh6 11. O-O Bxe3 12. fxe3 Qe7 13. e4 Nbd7 14. Nb5 Rf8 15.
e5 dxe5 16. d6 Qd8 17. Bc2 Ne8 18. Qd2 a6 19. Nc3 Nb6 20. Rad1 Qxd6 21. Qxd6
Nxd6 22. Rxd6 Nxc4 23. Rf6 Kg7 24. Ng5 Bf5 25. Bxf5 Kxf6 26. Nxh7+ Ke7 27. Be4
Rh8 28. Nd5+ Kd8 29. Rxf7 Nd6 30. Ng5 Nxf7 31. Nxf7+ Kd7 32. Nxe5+ Ke6 33. Nxg6
Rhe8 34. Nc7+ Kf6 35. Nxe8+ Rxe8 36. Bxb7 Re1+ 37. Kh2 Kxg6 38. Bxa6 Kg5 39. b3
Kf4 40. Bc4 Ra1 41. a4 Ra2 42. Bf7 Rf2 43. Bg8 Ra2 44. Bc4 Ra1 45. Bf7 Ra2 46.
h4 Kg4 47. h5 Rf2 48. Bd5 Kxh5 49. Kg3 Rd2 50. Bc4 Kg5 51. a5 Kf5 52. a6 Ke4 53.
Bb5 Rd8 54. Bc6+ 1-0

[Event "20th European Teams Women"]
[Site "Reykjavik ISL"]
[Date "2015.11.21"]
[Round "8.2"]
[Board "2"]
[White "Madl, Ildiko"]
[Black "Javakhishvili, Lela"]
[Result "0-1"]
[WhiteTitle "IM"]
[BlackTitle "IM"]
[WhiteElo "2343"]
[BlackElo "2479"]
[WhiteTeam "Hungary"]
[BlackTeam "Georgia"]
[WhiteFideId "700550"]
[BlackFideId "13601458"]
[EventDate "2015.11.13"]

1. e4 c5 2. Nf3 Nc6 3. d4 cxd4 4. Nxd4 g6 5. c4 Nf6 6. Nc3 d6 7. Be2 Nxd4 8.
Qxd4 Bg7 9. Be3 O-O 10. Qd2 Be6 11. Rc1 a5 12. f3 a4 13. Rc2 Qa5 14. Nb5 Rfc8
15. Qxa5 Rxa5 16. Kd2 Nd7 17. Nd4 Nc5 18. g4 Bd7 19. Nb5 f5 20. exf5 gxf5 21. h3
Be5 22. Rg1 f4 23. Bf2 Be8 24. Nd4 Bg6 25. Rcc1 Kf7 26. h4 h6 27. Rgd1 Raa8 28.
Ke1 Na6 29. Rd2 Nb4 30. a3 Na6 31. Bd1 Nc5 32. Ke2 Ra6 33. Nb5 Nd7 34. Na7 Rh8
35. Nb5 Ra5 36. Bd4 Rc8 37. Rc3 Kg7 38. Bxe5+ Nxe5 39. Rd4 Bf7 40. Rxf4 Bxc4+
41. Ke1 Rxb5 42. Be2 Bxe2 0-1

[Event "20th European Teams Women"]
[Site "Reykjavik ISL"]
[Date "2015.11.21"]
[Round "8.2"]
[Board "4"]
[White "Papp, Petra"]
[Black "Arabidze, Meri"]
[Result "1-0"]
[WhiteTitle "WGM"]
[BlackTitle "IM"]
[WhiteElo "2303"]
[BlackElo "2408"]
[WhiteTeam "Hungary"]
[BlackTeam "Georgia"]
[WhiteFideId "739049"]
[BlackFideId "13604040"]
[EventDate "2015.11.13"]

1. e4 c5 2. Nf3 e6 3. d4 cxd4 4. Nxd4 a6 5. Be2 Nf6 6. Nc3 Qc7 7. O-O Be7 8. f4
d6 9. Kh1 O-O 10. Bf3 Nc6 11. Be3 Bd7 12. a4 Na5 13. Qe2 Nc4 14. Bc1 Rac8 15. b3
e5 16. Nf5 Bxf5 17. exf5 Nb6 18. Bb2 Nbd7 19. g4 Kh8 20. g5 Ng8 21. Rac1 Rfe8
22. Qg2 Qa5 23. Nd5 Bf8 24. Bh5 exf4 25. Bxf7 f3 26. Qh3 Re5 27. Nf4 h6 28. Be6
Rxe6 29. fxe6 Ne5 30. Bxe5 dxe5 31. Ng6+ Kh7 32. Qf5 1-0

[Event "20th European Teams Women"]
[Site "Reykjavik ISL"]
[Date "2015.11.21"]
[Round "8.3"]
[Board "2"]
[White "Muzychuk, Anna"]
[Black "Skripchenko, Almira"]
[Result "1-0"]
[WhiteTitle "GM"]
[BlackTitle "IM"]
[WhiteElo "2534"]
[BlackElo "2443"]
[WhiteTeam "Ukraine"]
[BlackTeam "France"]
[WhiteFideId "14111330"]
[BlackFideId "13900145"]
[EventDate "2015.11.13"]

1. e4 d6 2. d4 Nf6 3. Nc3 e5 4. Nf3 Nbd7 5. Bc4 Be7 6. a4 O-O 7. O-O a6 8. h3 b6
9. Qe2 Bb7 10. Rd1 Qe8 11. dxe5 dxe5 12. Bg5 Nc5 13. Nd5 Nxd5 14. Bxd5 Bxg5 15.
Nxg5 c6 16. Qh5 h6 17. Bxf7+ Rxf7 18. Qxf7+ Qxf7 19. Nxf7 Kxf7 20. b4 1-0